Séries décrites selon le point de vue d'un personnage IV - Statistiques

Statistiques générales
  • Ce quiz a été pris 493 fois
  • Le résultat moyen est 4 sur 20
Statistiques - réponses
Hint Réponse % Correct
Je donne des surnoms à tout le monde, en même temps, il n'y a que ça à faire sur cette île. Lost
84%
J'aurais préféré que mes voisins de palier ne cassent pas l'ascenseur ! The Big Bang Theory
43%
Penny
37%
C'est pas parce que ma mère est rousse qu'elle ne peut pas résoudre les enquêtes les plus complexes d'Ile-de-France ! Julie Lescaut
36%
Ce ne sont pas les Fondateurs qui vont me dire avec qui je peux me marier ! Charmed
31%
Même si je joue les gros durs, j'aide une détective en herbe à résoudre ses enquêtes de lycéenne. Veronica Mars
25%
Piper Halliwell
24%
Rien qu'en vous regardant je peux dire que vous procrastinez en faisant des quiz sur Jet Punk au lieu de travailler. The Mentalist
18%
Eli Navarro
15%
Sawyer
15%
Patrick Jane
10%
Elisabeth Lescaut
5%
Je me demande où est Jessica Hyde en mangeant des raisins. Utopia
5%
Dans ma série, mes lacunes en espagnol ont vraiment changé ma vie. Community
2%
Mon vrai nom est Garry, mais les gens du département peuvent m'appeler comme ils veulent, ça ne me dérange pas. Rien ne me dérange, je suis désolé. Parks and Recreation
2%
Arby
1%
Je fume, je parle, je jure, je bois et je fais des petits bonhommes avec les canettes de bières True Detectives
1%
Abed Nadir
0%
Jerry Gergich
0%
Rust Cohle
0%
Aucun quiz correspondant
Distribution des résultats
% des personnes avec chaque résultat
Percentile par nombre de réponses
Votre historique - résultats
Vous n’avez pas pris ce quiz